000 00415nam a22001697a 4500
003 MPLRDC
005 20220104142631.0
008 210129b ||||| |||| 00| 0 eng d
082 _a857.63 QY v.14 c.2
100 _a琼瑶
245 _a庭院深深
_c
260 _a
_b皇冠出版社
_c1983
300 _b
490 _a皇冠丛书. 210
650 _a短篇小说--别集
942 _cBK
_o857.63 QY v.14 c.2
999 _c32470
_d32460